[Event "Vientiane op"]
[Site "Vientiane"]
[Date "2018.12.21"]
[Round "7"]
[White "Su, Fook Kwee Stephen"]
[Black "Ferrie, Peter"]
[Result "1-0"]
[WhiteElo "1711"]
[BlackElo "1357"]
[PlyCount "51"]
[EventDate "2018.12.18"]
[EventType "swiss"]
[EventRounds "9"]
[EventCountry "LAO"]
[SourceTitle "CBM 187 Extra"]
[Source "ChessBase"]
[SourceDate "2018.11.04"]
[SourceVersion "1"]
[SourceVersionDate "2018.11.04"]
[SourceQuality "1"]

1. d4 d5 2. Nf3 Nf6 3. Bg5 Nc6 4. e3 a6 5. c4 e6 6. a3 Be7 7. Nc3 b6 8. Bd3 0-0 9. h4 h6 10. Bf4 Bb7 11. Rc1 Bd6 12. Ne5 Ne7 13. Rg1 Nd7 14. g4 Ng6 15. g5 Ngxe5 16. dxe5 Bxe5 17. gxh6 f5 18. Bxe5 Nxe5 19. Rxg7+ Kh8 20. cxd5 Rg8 21. Be2 Qxh4 22. Qd4 Qf6 23. f4 Nc6 24. dxc6 Qxh6 25. Rd7+ Rg7 26. cxb7 1-0

[Event "Vientiane op"]
[Site "Vientiane"]
[Date "2018.12.18"]
[Round "1"]
[White "Su, Fook Kwee Stephen"]
[Black "Kalagara, Aniketh"]
[Result "1-0"]
[WhiteElo "1711"]
[BlackElo "1146"]
[PlyCount "87"]
[EventDate "2018.12.18"]
[EventType "swiss"]
[EventRounds "9"]
[EventCountry "LAO"]
[SourceTitle "CBM 187 Extra"]
[Source "ChessBase"]
[SourceDate "2018.11.04"]
[SourceVersion "1"]
[SourceVersionDate "2018.11.04"]
[SourceQuality "1"]

1. e4 e5 2. Nf3 Nf6 3. d4 Nxe4 4. dxe5 d5 5. Be3 Be7 6. c4 Bb4+ 7. Nbd2 dxc4 8. Bxc4 Nxd2 9. Nxd2 0-0 10. 0-0 Nc6 11. f4 Bf5 12. Rf2 Qe7 13. Nb3 Rad8 14. Qe2 Qd7 15. a3 Be7 16. Nc5 Bxc5 17. Bxc5 Rfe8 18. Qe1 b6 19. Be3 Na5 20. Ba2 Be6 21. Rd2 Qe7 22. Bxe6 Qxe6 23. Rad1 Qe7 24. Qe2 Rxd2 25. Bxd2 Nc6 26. Rc1 Nd4 27. Qe4 c5 28. Bc3 Rd8 29. Re1 Qe6 30. Re3 Qd5 31. Qb1 Nb5 32. Be1 Qd4 33. Qc1 Nc7 34. Bf2 Qd1+ 35. Re1 Qxc1 36. Rxc1 Rd2 37. b4 g6 38. bxc5 bxc5 39. Bxc5 Nb5 40. a4 Nd4 41. Rb1 Ne2+ 42. Kf1 Nc3 43. Rb8+ Kg7 44. Bf8+ 1-0